| Tag |
First Indicator |
Second Indicator |
Subfields |
| LEADER |
00000cam a2200000 a 4500 |
| 001 |
in00001574813 |
| 005 |
20210422102430.0 |
| 008 |
001127s2000 dcua b f000 0 eng c |
| 020 |
|
|
|a 0160612438
|
| 035 |
|
|
|a (OCoLC)ocm45456227
|
| 040 |
|
|
|a GPO
|c GPO
|d DLC
|d MvI
|d UtOrBLW
|
| 042 |
|
|
|a pcc
|
| 043 |
|
|
|a n-us---
|
| 049 |
|
|
|a UDOC
|
| 074 |
|
|
|a 1035-B-01
|
| 074 |
|
|
|a 1035-B-01 (online)
|
| 074 |
|
|
|a 1035-B-02 (MF)
|
| 074 |
|
|
|a 1035-B-02 (online)
|
| 086 |
0 |
|
|a Y 4.B 85/3:106-10-6
|
| 088 |
|
|
|a Serial no. 10-6 (United States. Congress. House. Committee on the Budget)
|
| 110 |
1 |
|
|a United States.
|b Congress.
|b House.
|b Committee on the Budget.
|b Task Force on Welfare.
|
| 245 |
1 |
0 |
|a Waste, fraud, abuse, and mismanagement :
|b hearings before the Task Force on Welfare of the Committee on the Budget, House of Representatives, One Hundred Sixth Congress, second session, hearings held in Washington, DC, July 19 and September, 2000.
|
| 264 |
|
1 |
|a Washington :
|b U.S. G.P.O. :
|c 2000.
|
| 264 |
|
2 |
|a Washington :
|b [Congressional Sales Office, Supt. of Docs., U.S. G.P.O., distributor],
|
| 300 |
|
|
|a iii, 95 pages :
|b illustrations ;
|c 23 cm.
|
| 336 |
|
|
|a text
|b txt
|2 rdacontent
|
| 337 |
|
|
|a unmediated
|b n
|2 rdamedia
|
| 338 |
|
|
|a volume
|b nc
|2 rdacarrier
|
| 500 |
|
|
|a Distributed to some depository libraries in microfiche.
|
| 500 |
|
|
|a Shipping list number: 2001-0039-P.
|
| 500 |
|
|
|a Shipping List #: 2001-0039-P
|
| 500 |
|
|
|a Shipping List Date: 11/15/2000
|
| 504 |
|
|
|a Includes bibliographical references.
|
| 500 |
|
|
|a "Serial number 10-6."
|
| 530 |
|
|
|a Also available via Internet from the GPO Access web site. Addresses as of 11/30/00: http://frwebgate.access.gpo.gov/cgi-bin/useftp.cgi?IPaddress=162.140.64.88&filename=65618.wais&directory=/diskb/wais/data/106h̲ouseh̲earings (text version), http://frwebgate.access.gpo.gov/cgi-bin/useftp.cgi?IPaddress=162.140.64.88&filename=65618.pdf&directory=/diskb/wais/data/106h̲ouseh̲earings (PDF version); current access is available via PURLs.
|
| 650 |
|
0 |
|a Food stamp fraud
|z United States.
|
| 650 |
|
0 |
|a Welfare fraud
|z United States.
|
| 650 |
|
0 |
|a Disability retirement
|z United States.
|
| 650 |
|
0 |
|a Waste in government spending
|z United States.
|
| 856 |
4 |
1 |
|3 Text version:
|u https://purl.fdlp.gov/GPO/LPS7008
|t 0
|
| 856 |
4 |
1 |
|3 PDF version:
|u https://purl.fdlp.gov/GPO/LPS7009
|z Adobe Acrobat Reader required
|t 0
|
| 999 |
|
|
|a MARS
|
| 999 |
f |
f |
|s 59b2c9fc-15af-34c7-9c6d-6b5cf9e2edab
|i 134dd394-1300-3af5-a0f9-994e38f21d7d
|t 0
|
| 952 |
f |
f |
|a Texas A&M University
|b College Station
|c Electronic Resources
|d Available Online
|t 0
|e Y 4.B 85/3:106-10-6
|h Superintendent of Documents classification
|
| 998 |
f |
f |
|a Y 4.B 85/3:106-10-6
|t 0
|l Available Online
|